English Vocabulary in Use: Pre-intermediate & intermediate

Opis bibliograficzny
1. autor: Redman S. Stuart
Język:angielski
Wydane: New York, Cambridge University Press, 2000
Hasła przedmiotowe:
Format: Książka
KOHA link:https://koha.lib.tpu.ru/cgi-bin/koha/opac-detail.pl?biblionumber=29823

MARC

LEADER 00000nam0a2200000 4500
001 29823
005 20231030203649.0
010 |a 0521557372 
035 |a (RuTPU)RU\TPU\book\30089 
035 |a BOOK00030165 
090 |a 29823 
100 |a 20011209d2000 m y0engy50 ba 
101 0 |a eng 
102 |a US 
105 |a y j 000zy 
200 1 |a English Vocabulary in Use  |e Pre-intermediate & intermediate  |f S. Redman 
210 |a New York  |c Cambridge University Press  |d 2000 
215 |a 270 p. 
610 1 |a английский язык 
610 1 |a учебные пособия 
610 1 |a лексика 
610 1 |a упражнения 
686 |a Ш143.21-923.4  |v LBC/SL-A  |2 rubbk 
700 1 |a Redman  |b S.  |g Stuart 
801 0 |a XX  |b 63413507  |c 20011209  |g PSBO 
801 2 |a RU  |b 63413507  |c 20230331  |g PSBO 
942 |c BK